00597nam a2200181 4500010001300000035001300013037001800026040001200044082001300056100001800069245007200087260003600159270004700195300002200242650005000264650005100314650005000365 aA-997679 aA-997679 bCen Lib / Ret aDPLbEN a513bSHA aSharma, K. K. aQuantitative aptitude for comp. :bfully solved /cby K. K. Sharma  aMeerutbKrishna Prakashan Media a11, Shivaji Road, Meerut bMeerut e250001 a292p ; c24cm(Hb) a Mathematics teachers -- Certification a Mathematics -- Examinations -- Study guides.  aMathematics -- Examinations, questions, etc.